Clicktion on the Fiction: (1970s) Quiz Stats

 Plays Quiz Updated Feb 11, 2015

Challenge
Share
Tweet
Embed
Score 0/25 Timer 04:00
2 Plays Today
% Correct
Eagle
93.8%
Man
93.5%
Tailor
93.5%
Choice
93.2%
French
92.7%
Love
92.6%
Watership
91.1%
Straight
90.6%
Breakfast
89.9%
Aunt
89.3%
Dead
89.3%
Stream
88.8%
Asher
84.2%
% Correct
Goodbar
83.8%
Thief
83%
Jackal
79.5%
Odessa
79.4%
Solution
78.8%
Thorn
78.8%
Winds
78.7%
Seagull
75.7%
Tough
74%
Redux
65%
People
64.9%
Gift
64.7%

You're not logged in!

Compare scores with friends on all Sporcle quizzes.
OR
Log In

You Might Also Like...

Show Comments

Extras

Top Quizzes Today


Score Distribution

Your Account Isn't Verified!

In order to create a playlist on Sporcle, you need to verify the email address you used during registration. Go to your Sporcle Settings to finish the process.

Report this User

Report this user for behavior that violates our Community Guidelines.

Details: